Peghambar-e-Akhir-uz-Zaman Hazrat Muhammad (SAW) ki Sakhsiat (Record no. 10991)

000 -LEADER
fixed length control field 00426 a2200145 4500
022 ## - INTERNATIONAL STANDARD SERIAL NUMBER
International Standard Serial Number 99158X
082 ## - DEWEY DECIMAL CLASSIFICATION NUMBER
Classification number 297.63
090 ## - LOCALLY ASSIGNED LC-TYPE CALL NUMBER (OCLC); LOCAL CALL NUMBER (RLIN)
-- 7188
-- 7188
245 ## - TITLE STATEMENT
Title Peghambar-e-Akhir-uz-Zaman Hazrat Muhammad (SAW) ki Sakhsiat
Statement of responsibility, etc. Abdul Waheed Khan
260 ## - PUBLICATION, DISTRIBUTION, ETC.
Place of publication, distribution, etc. Saudia
Name of publisher, distributor, etc. Intl. Publication House
Date of publication, distribution, etc. 2012
300 ## - PHYSICAL DESCRIPTION
Extent 104 p.
Dimensions 22 cm.
500 ## - GENERAL NOTE
General note Includes references
650 ## - SUBJECT ADDED ENTRY--TOPICAL TERM
Topical term or geographic name entry element 1. Muhammad Prophet d-632 Biography
942 ## - ADDED ENTRY ELEMENTS (KOHA)
Koha item type Book
Call number prefix 297.63 ABD
Holdings
Withdrawn status Lost status Damaged status Not for loan Permanent Location Current Location Shelving location Total Checkouts Full call number Barcode Date last seen Price effective from Koha item type
        Central Library (CL) Central Library (CL) First Floor - Islam   297.63 ABD SEECSD00523 11/14/2012 11/14/2012 Book
© 2023 Central Library, National University of Sciences and Technology. All Rights Reserved.